| 000 | 01216cab a2200253 4500 | ||
|---|---|---|---|
| 001 | X3668 | ||
| 008 | 090401t1996 xxu||||| |||| 00| 0 eng d | ||
| 035 | _a(Sirsi) u31981 | ||
| 041 | _aeng | ||
| 245 | _aMayor and Burgesses of Hackney LBC v Crown Estate Commissioners and National Westminster Bank Plc | ||
| 260 | _c1996 | ||
| 350 | _a0 | ||
| 490 |
_aProperty and Compensation Reports _v[1996] 72 P&CR 233-243(11) |
||
| 520 | _aChD 1 November 1995. Land charges - derelict premises - Trustee in bankruptcy disclaiming any interest in the premises - Local authority`s application for vesting order - whether local land charges under the London Building Acts (Amendment) Act 1939 and the Prevention of Damage by Pests Act 1949 qualified as an interest for the purposes of section 320 of the Insolvency Act 1986. (HEADNOTE FROM JOURNAL). | ||
| 650 | _aBANKRUPTCY ORDER | ||
| 650 | _aINSOLVENCY ACT 1986 | ||
| 650 | _aLISTED BUILDING | ||
| 650 | _aLONDON BUILDING ACTS (AMENDMENT) ACT 1939 | ||
| 650 | _aMAYOR AND BURGESSES OF HACKNEY LBC V CROWN ESTATE COMMISSI | ||
| 650 | _aPREVENTION OF DAMAGE BY PESTS ACT 1939 | ||
| 690 | _aPROPERTY LAW AND PRACTICE-CASE LAW | ||
| 942 | _n0 | ||
| 948 | _c04/03/1997 | ||
| 999 |
_c21462 _d21462 |
||